|
|
|
|
| LEADER |
01191pam a22003138a 4500 |
| 001 |
00028244 |
| 005 |
20171026081023.0 |
| 008 |
120308s2011 ||||||Viesd |
| 041 |
0 |
# |
|a Vie
|
| 082 |
1 |
4 |
|a 394.269 597
|b L250H
|
| 100 |
1 |
# |
|a Lê, Hồng Lý
|
| 245 |
1 |
0 |
|a Lễ hội lịch sử ở đồng bằng và trung du Bắc Bộ
|c Lê Hồng Lý chủ biên ; Nguyễn Thị Hương Liên
|
| 260 |
# |
# |
|a Hà Nội
|b Văn hóa Dân tộc
|c 2011
|
| 300 |
# |
# |
|a 216 tr.
|c 21 cm.
|
| 500 |
# |
# |
|a Dự án công bố, phổ biến tài sản văn hóa, văn nghệ dân gian Việt Nam
|
| 541 |
# |
# |
|a Tặng
|
| 650 |
# |
4 |
|a Văn hóa dân gian
|z Việt Nam
|z Đồng bằng Bắc Bộ
|
| 650 |
# |
4 |
|z Trung du Bắc Bộ
|z Việt Nam
|a Văn hóa dân gian
|
| 700 |
1 |
# |
|a Nguyễn, Thị Hương Liên
|
| 710 |
2 |
# |
|a Hội Văn nghệ dân gian Việt Nam
|
| 852 |
# |
# |
|b Kho đọc
|j KD.0012585
|
| 852 |
# |
# |
|j KD.0012585
|
| 910 |
# |
# |
|a Ntuyet
|d 08/03/2012
|
| 980 |
# |
# |
|a Trung tâm Học liệu Lê Vũ Hùng, Trường Đại học Đồng Tháp
|